| 000 | 01405nam a22003375a 4500 | ||
|---|---|---|---|
| 003 | EG-ScBUE | ||
| 005 | 20220719114725.0 | ||
| 008 | 190530s2018 ua ao f 000 0 ara d | ||
| 017 | _a2012 / 8270 | ||
| 020 | _a9771445251 | ||
| 020 | _a9789771445251 | ||
| 040 |
_aEG-ScBUE _bara _erda _cEG-ScBUE _dEG-ScBUE |
||
| 043 | _af-ua--- | ||
| 082 | 0 | 4 |
_a327.62 _bأ ب و _222 |
| 100 | 1 |
_aأبو الغيط، أحمد، _d1942- _eauthor. |
|
| 245 | 1 | 0 |
_aشهادتي ... : _bالسياسة الخارجية المصرية، 2004 / 2011 / _cتأليف أحمد أبو الغيط. |
| 250 | _aالطبعة الثامنة. | ||
| 264 | 1 |
_aالجيزة، مصر : _bدار نهضة مصر للنشر، _c2018. |
|
| 300 |
_a536 صفحة : _bإيضاحيات، صور ملونة ؛ _c24 سم |
||
| 336 |
_2rdacontent _aنص _btxt |
||
| 337 |
_2rdamedia _aبدون وسيط _bn |
||
| 338 |
_2rdacarrier _aمجلد _bnc |
||
| 500 | _aيشتمل على ملحق صور. | ||
| 650 | 7 |
_aالسياسة الدولية. _2BUEsh |
|
| 651 | 7 |
_aوزراء الخارجية _zمصر _vالسيرة الذاتية. _2BUEsh |
|
| 651 | 7 |
_aمصر _xأحوال سياسية _xالعصر الحديث _yحسني مبارك، 1981 - 2011. _2BUEsh |
|
| 651 | 7 |
_aمصر _xأحوال سياسية _xالعصر الحديث _yثورة 25 يناير 2011. _2BUEsh |
|
| 653 |
_bBUSBOL _cMay2019 |
||
| 655 |
_vReading book _934232 |
||
| 942 | _2ddc | ||
| 999 |
_c27499 _d27470 |
||